Problems and Prospects of Special Education of Rural and Urban Mentally Retarded Persons in Rajshahi Division / (Record no. 78530)
[ view plain ]
| 000 -LEADER | |
|---|---|
| fixed length control field | 01027nam a2200253 a 4500 |
| 001 - CONTROL NUMBER | |
| control field | 78530 |
| 003 - CONTROL NUMBER IDENTIFIER | |
| rucl marc code | BD-RjUL |
| 005 - DATE AND TIME OF LATEST TRANSACTION | |
| control field | 20211209083135.0 |
| 008 - FIXED-LENGTH DATA ELEMENTS--GENERAL INFORMATION | |
| fixed length control field | 210930s2005 bg a|||| m||| 00| 0 eng d |
| 035 ## - SYSTEM CONTROL NUMBER | |
| System control number | (BD-RjUL)78756 |
| 040 ## - CATALOGING SOURCE | |
| Original cataloging agency | BD-RjUL |
| Language of cataloging | eng |
| Transcribing agency | BD-RjUL |
| Modifying agency | BD-RjUL |
| 041 ## - LANGUAGE CODE | |
| Language code of text/sound track or separate title | eng |
| 082 ## - DEWEY DECIMAL CLASSIFICATION NUMBER | |
| Classification number | 155.452 |
| Author mark and year | ZUP 2005 |
| Edition number | 23 |
| 100 ## - MAIN ENTRY--PERSONAL NAME | |
| Personal name | Zulfiqar, Golam Azam Md. Mahbubur Rashid |
| 9 (RLIN) | 248785 |
| 245 10 - TITLE STATEMENT | |
| Title | Problems and Prospects of Special Education of Rural and Urban Mentally Retarded Persons in Rajshahi Division / |
| Statement of responsibility, etc. | Golam Azam Md. Mahbubur Rashid Zulfiqar |
| Linkage | Supervisor : Anwarul Hasan |
| 260 ## - PUBLICATION, DISTRIBUTION, ETC. (IMPRINT) | |
| Place of publication, distribution, etc. | Rajshahi : |
| Name of publisher, distributor, etc. | Department of Psychology, University of Rajshahi, |
| Date of publication, distribution, etc. | 2005 |
| 300 ## - PHYSICAL DESCRIPTION | |
| Pagination | [9], 231 Leaves : |
| Illustrations | ill. ; |
| Size | 29 cm. |
| 502 ## - DISSERTATION NOTE | |
| Dissertation note | Thesis (Ph. D.) -- Department of Psychology, University of Rajshahi, 2005 |
| 504 ## - BIBLIOGRAPHY, ETC. NOTE | |
| Bibliography, etc | References : Leaves [179] -194 |
| 650 ## - SUBJECT ADDED ENTRY--TOPICAL TERM | |
| Topical term or geographic name as entry element | Child Psychology | |
| 9 (RLIN) | 249094 |
| Topical term or geographic name as entry element | Mental illness |
| General subdivision | Physiological aspects |
| 9 (RLIN) | 249095 |
| 700 ## - ADDED ENTRY--PERSONAL NAME | |
| Personal name | Hasan, Anwarul, Supervisor |
| 942 ## - ADDED ENTRY ELEMENTS (KOHA) | |
| Source of classification or shelving scheme | Dewey Decimal Classification |
| Koha item type | Theses |
| Lost status | Source of classification or shelving scheme | Damaged status | Not for loan | Collection code | Permanent Location | Current Location | Shelving location | Date acquired | Source of acquisition | Total Checkouts | Full call number | Date last seen | Copy number | Koha item type |
|---|---|---|---|---|---|---|---|---|---|---|---|---|---|---|
| Dewey Decimal Classification | Not For Loan | Theses | Central Library, University of Rajshahi | Central Library, University of Rajshahi | Documentation Section | 13/02/2007 | Controller of Exam., R.U. | THE 155.452 ZUP 2005 | 30/09/2021 | C-1 | Theses |